000
00306nam a22001337a 4500
008
181107b xxu||||| |||| 00| 0 eng d
020
_a
0316698407
041
_a
eng
080
_a
610
100
_a
4
101
_a
shm
245
_a
Contemporary Approaches Suttering Therapy
_c
Peins.m
942
_2
udc
_c
BK
999
_c
52100
_d
52100